000 00433cam a22001337a 4500
008 180718b2000 xxu||||| |||| 00| 0 eng d
100 _aClaessenns, Stijn
245 _aCorporate risk around the world
_cby Stijn Claessens, Simeon Djankov and Tatiana Nenova
260 _aWashington, D.C.
_bWorld Bank
_c2000
300 _a52p.
440 _aPolicy research working paper 2271
700 _aNenova, Tatiana
700 _aDjankov, Simeon
999 _c281197
_d281197